| 000 | 00493nam a2200181Ia 4500 | ||
|---|---|---|---|
| 008 | 151202s9999||||xx |||||||||||||| ||und|| | ||
| 082 | _bPNVM-55791 | ||
| 100 | _aभावे पु.भा. | ||
| 245 | _aराणी. | ||
| 260 | _b"मेनका प्रकाशन,पुणे." | ||
| 260 | _c1977 | ||
| 300 | _a241 | ||
| 600 | _aभावे पु.भा. | ||
| 630 | _aराणी. | ||
| 700 | _aभावे पु.भा. | ||
| 730 | _aराणी. | ||
| 942 | _cBOOK | ||
| 999 |
_c1322329 _d1322326 |
||